Organización y funcionamiento de la unidad de capacitación de un organismo electoral /
محفوظ في:
| المؤلف الرئيسي: | |
|---|---|
| التنسيق: | نص |
| الوسوم: |
إضافة وسم
لا توجد وسوم, كن أول من يضع وسما على هذه التسجيلة!
|
MARC
| LEADER | 00000 a a2200000 04500 | ||
|---|---|---|---|
| 001 | 4341 | ||
| 003 | |||
| 040 | |||
| 100 | |a Chacón de Cárcamo, Carmen | ||
| 245 | |a Organización y funcionamiento de la unidad de capacitación de un organismo electoral / |c Carmen Chacón de Cárcamo | ||
| 773 | |g número 44; páginas 51-76 | ||
| 999 | |c 29735 |d 29735 | ||
